| 000 | 01575cam a22003255a 4500 | ||
|---|---|---|---|
| 999 |
_c16682 _d16682 |
||
| 003 | EG-ScBUE | ||
| 005 | 20200118110523.0 | ||
| 008 | 120307s2003 ua f b 001 0 ara d | ||
| 020 | _a9772415264 | ||
| 040 |
_aEG-ScBUE _bara _erda _cEG-ScBUE _dEG-ScBUE |
||
| 082 | 0 | 4 |
_a892.709962 _bم ص ط _222 |
| 100 | 1 |
_aمصطفى، محمود، _eمؤلف. _929241 |
|
| 245 | 1 | 2 |
_aالأدب العربي في مصر : _bمن الفتح الإسلامي إلى نهاية العصر الأيوبي / _cتأليف محمود مصطفى ؛ قدم له العلامة محمد عبد المنعم خفاجي ؛ دققه وعلق عليه وفهرسه حسن نجار محمد، من أبناء الأزهر الشريف. |
| 264 | 1 |
_aالقاهرة : _bمكتبة الآداب، _c2003. |
|
| 300 |
_a392 صفحة ؛ _c24 سم |
||
| 336 |
_2rdacontent _aنص _btxt |
||
| 337 |
_2rdamedia _aبدون وسيط _bn |
||
| 338 |
_2rdacarrier _aمجلد _bnc |
||
| 500 | _aيشتمل على كشافات. | ||
| 504 | _aيشتمل على إرجاعات ببليوجرافية. | ||
| 590 | _abasant | ||
| 650 | 7 |
_aالأدب العربي _zمصر _xتاريخ ونقد. _2BUEsh _914987 |
|
| 650 | 7 |
_aالأدب العربي _xتاريخ _yعصر صدر الإسلام. _2BUEsh |
|
| 650 | 7 |
_aالأدب العربي _xتاريخ _yالعصر الأيوبي. _2BUEsh |
|
| 653 |
_cMarch2012 _bARALIT |
||
| 655 | _vReading book | ||
| 700 | 1 |
_aخفاجي، محمد عبد المنعم، _d1915-2006، _eمقدم. _913834 |
|
| 700 | 1 |
_aمحمد، حسن نجار، _eمدقق. _929709 |
|
| 942 |
_2ddc _cBB |
||